[Event "Coupe 2000"]
[Site "?"]
[Date "2003.02.16"]
[Round "1"]
[White "Rouqual, Guy"]
[Black "Vitrou, Jonathan"]
[Result "0-1"]
[WhiteElo "1540"]
[BlackElo "1850"]
[Annotator "Cahors/Condom"]
[PlyCount "100"]

1.d4 d5 2.Nf3 Nf6 3.e3 Bf5 4.Bd3 Bxd3 5.cxd3 c6 6.Nc3 Nbd7 7.O-O e6 8.e4 
Nb6 9.e5 Nfd7 10.Ng5 h6 11.Nxe6 fxe6 12.Qh5+ Ke7 13.Qh4+ Kf7 14.Qh5+ g6 
15.Qh3 c5 16.dxc5 Bxc5 17.Be3 d4 18.Ne4 dxe3 19.fxe3+ Ke7 20.d4 Nd5 21.
dxc5 Nxe5 22.Rad1 Qc7 23.Qg3 Raf8 24.Nd6 Qxc5 25.Qxe5 Rxf1+ 26.Rxf1 Qxe3+ 
27.Qxe3 Nxe3 28.Re1 Kxd6 29.Rxe3 Rc8 30.Kf2 Rc2+ 31.Re2 Rxe2+ 32.Kxe2 Kd5 
33.Ke3 e5 34.g4 g5 35.b3 b5 36.a3 a5 37.Kd3 e4+ 38.Ke3 {=} 38...Ke5 39.h3 
Kd5 40.Kd2 Kd4 41.Ke2 e3 42.Kd1 Kd3 43.Ke1 e2 44.b4 a4 45.Kf2 Kd2 46.Kf3 
e1=Q 47.Kg2 Ke3 48.h4 gxh4 49.g5 Qg3+ 50.Kh1 Kf2 0-1

[Event "Coupe 2000"]
[Site "?"]
[Date "2003.02.16"]
[Round "3"]
[White "Uzcudun, Mikeldi"]
[Black "Alonso, Jesus"]
[Result "1-0"]
[WhiteElo "1920"]
[BlackElo "1850"]
[Annotator "Ramonville/Tournefeuille"]
[PlyCount "73"]

1.e4 e6 2.d4 d5 3.e5 c5 4.c3 Nc6 5.Nf3 Qb6 6.a3 Nge7 7.b4 cxb4 8.cxb4 Nf5 
9.Be3 Nxe3 10.fxe3 Be7 11.Bd3 O-O 12.O-O g6 13.Nc3 a6 14.Rc1 Bd7 15.Na4 
Qd8 16.Nc5 Bxc5 17.Rxc5 b6 18.Rc3 b5 19.Qc2 Qb6 20.Rc1 Rfc8 21.Rc5 Ne7 22.
Qf2 Qd8 23.Qh4 Nf5 24.Qxd8+ Rxd8 25.Bxf5 gxf5 26.Rc7 a5 27.Rb7 axb4 28.
axb4 Ra4 29.Rcc7 Be8 30.Ng5 Rxb4 31.Nxf7 Rb1+ 32.Kf2 Ra8 33.Nh6+ Kf8 34.
Rxh7 Rb2+ 35.Kf3 Bh5+ 36.Kg3 Rxg2+ 37.Kxg2 1-0

[Event "Coupe 2000"]
[Site "?"]
[Date "2003.02.16"]
[Round "3"]
[White "Tarayre, Pascal"]
[Black "Riviere, Frederic"]
[Result "1-0"]
[WhiteElo "1870"]
[BlackElo "1740"]
[Annotator "Tournefeuille/Moissac"]
[PlyCount "67"]

1.e4 e5 2.Nf3 Nc6 3.Bc4 h6 4.O-O Nf6 5.d4 d5 6.exd5 Nxd5 7.Re1 Be6 8.Nxe5 
Nxe5 9.Rxe5 Bd6 10.Rxd5 Bxd5 11.Bxd5 Bxh2+ 12.Kxh2 Qxd5 13.Qe2+ Qe6 14.
Qxe6+ fxe6 15.Bf4 O-O-O 16.Be5 Rhf8 17.Kg3 c5 18.c3 Rf5 19.Na3 Rdf8 20.f4 
g5 21.fxg5 Rxg5+ 22.Kh2 Rf2 23.Nc4 Rfxg2+ 24.Kh3 cxd4 25.cxd4 Rc2 26.Nd6+ 
Kd7 27.Rf1 Rxb2 28.Rf7+ Kc6 29.d5+ Kxd5 30.Bxb2 Kxd6 31.Rxb7 a5 32.Bc1 
Rh5+ 33.Kg4 Rh2 34.Bf4+ 1-0

[Event "Coupe 2000"]
[Site "?"]
[Date "2003.02.16"]
[Round "2"]
[White "Riviere, Frederic"]
[Black "Salvignac, Remy"]
[Result "1-0"]
[WhiteElo "1740"]
[BlackElo "1570"]
[Annotator "Moissac/Cahors"]
[PlyCount "73"]

1.e4 e6 2.d4 d5 3.e5 c5 4.c3 Nc6 5.Nf3 Nge7 6.Bg5 Qb6 7.Qd2 Nf5 8.Be3 Be7 
9.Be2 O-O 10.O-O Bd7 11.Bd3 cxd4 12.cxd4 Nxe3 13.fxe3 Nb4 14.Be2 f5 15.
exf6 Bxf6 16.Nc3 Nc6 17.Rac1 Ne7 18.Bd3 Bc6 19.Bb1 Rae8 20.Ne2 Bb5 21.Rf2 
Rc8 22.Nc3 a6 23.a4 Bc4 24.Ne1 Bg5 25.Rf3 Rxf3 26.Nxf3 Bh6 27.Ne5 Qc7 28.
Ne2 Qd8 29.Nf4 Nf5 30.Re1 b5 31.axb5 axb5 32.Bxf5 exf5 33.Qb4 Qf8 34.Qa5 
Ra8 35.Qb6 Rb8 36.Qe6+ Kh8 37.Nf7+ 1-0

[Event "Coupe 2000"]
[Site "?"]
[Date "2003.02.16"]
[Round "3"]
[White "Camilleri, Herve"]
[Black "Legros, Jean-Luc"]
[Result "0-1"]
[WhiteElo "1660"]
[BlackElo "1880"]
[Annotator "Muret/Ramonville"]
[PlyCount "76"]

1.e4 c6 2.d4 d5 3.exd5 cxd5 4.Nc3 Nc6 5.Bf4 a6 6.Nf3 Bg4 7.h3 Bh5 8.g4 Bg6
9.Bd3 Nf6 10.Bxg6 hxg6 11.Qe2 Nxg4 12.O-O-O Nf6 13.Rde1 e6 14.Ng5 Nxd4 15.
Qd3 Nf5 16.Qe2 Bd6 17.Bd2 O-O 18.h4 Nh5 19.Nxe6 fxe6 20.Qxe6+ Kh7 21.Rhg1 
Rf6 22.Qxd5 Bf4 23.Bxf4 Nxf4 24.Qf3 Qc7 25.Re4 Nh5 26.Nd5 Qxc2+ 27.Kxc2 
Nd4+ 28.Rxd4 Rxf3 29.Rg2 Raf8 30.Rdg4 Rxf2+ 31.Rxf2 Rxf2+ 32.Kc3 Nf6 33.
Nxf6+ gxf6 34.a4 Kh6 35.a5 Rf5 36.b4 Kh5 37.Rd4 g5 38.hxg5 fxg5 0-1

[Event "Coupe 2000"]
[Site "?"]
[Date "2003.02.16"]
[Round "3"]
[White "Chanel, Jean-Baptiste"]
[Black "Gilabert, David"]
[Result "1-0"]
[WhiteElo "1450"]
[BlackElo "1700"]
[Annotator "Cahors/Montauban"]
[PlyCount "68"]

1.e4 e5 2.Nf3 d6 3.b3 Nf6 4.Bb2 Nxe4 5.d4 Nc6 6.Bb5 Bd7 7.O-O Be7 8.Qe2 f5
9.Bxc6 Bxc6 10.dxe5 dxe5 11.Nxe5 O-O 12.Rd1 Qe8 13.Qc4+ Kh8 14.a4 Bc5 15.
Kf1 b5 16.Qe2 Nxf2 17.Re1 Ng4 18.Nxc6 Qxc6 19.axb5 Ne3+ 20.Qxe3 Qxb5+ 21.
c4 Qb6 22.Qe5 Rg8 23.Nd2 Bf2 24.Re2 Bc5 25.Rae1 Qc6 26.Nf3 Bd6 27.Ng5 Qd7 
28.Qd4 h6 29.Ne6 Qf7 30.c5 Bxh2 31.Nxg7 Rxg7 32.Re7 Qg6 33.Rxg7 Be5 34.
Qxe5 Qa6+ 1-0

[Event "Coupe 2000"]
[Site "?"]
[Date "2003.02.16"]
[Round "3"]
[White "Damiano, Herve"]
[Black "Garcia del Prado, Bruno"]
[Result "1-0"]
[WhiteElo "1520"]
[BlackElo "1680"]
[Annotator "Ramonville/Albi"]
[PlyCount "49"]

1.d4 Nf6 2.c4 g6 3.Nc3 d5 4.Nf3 Bg7 5.Bf4 O-O 6.e3 Bg4 7.h3 Bf5 8.Bh2 c6 
9.Qb3 Qc8 10.cxd5 cxd5 11.Nxd5 Nxd5 12.Qxd5 Be6 13.Qe4 Qc7 14.Bxc7 Nc6 15.
a3 Rac8 16.Bh2 Bf5 17.Qd5 Rfe8 18.Be2 e6 19.Qb5 b6 20.O-O Red8 21.Rac1 Rd5
22.Qa6 Rdd8 23.Bb5 Be4 24.Nd2 Nb8 25.Qxc8 1-0

[Event "Coupe 2000"]
[Site "?"]
[Date "2003.02.16"]
[Round "3"]
[White "Benedicto, Patrice"]
[Black "Andre, Yves"]
[Result "1-0"]
[WhiteElo "1499"]
[BlackElo "1070"]
[Annotator "Montauban/Cahors"]
[PlyCount "45"]

1.e4 e5 2.Nf3 Nc6 3.Nc3 Bb4 4.d4 d6 5.d5 Nd4 6.Nxd4 exd4 7.Qxd4 Bc5 8.Qxg7
Bd4 9.Qxd4 Nf6 10.Bg5 Qd7 11.Bxf6 Rg8 12.Bb5 c6 13.Bf1 Rg6 14.e5 c5 15.Qe3
dxe5 16.Qxe5+ Kf8 17.Bd3 b6 18.Bxg6 hxg6 19.O-O-O Bb7 20.f3 Re8 21.Qg5 Qf5
22.Qh6+ Kg8 23.Qg7# 1-0

[Event "Coupe 2000"]
[Site "?"]
[Date "2003.02.16"]
[Round "3"]
[White "Artis, Francois"]
[Black "Hegray, Charlie"]
[Result "1-0"]
[WhiteElo "1740"]
[BlackElo "1450"]
[Annotator "Tournefeuille/Cahors"]
[PlyCount "47"]

1.e4 e6 2.d4 Nf6 3.e5 Nd5 4.c4 Bb4+ 5.Bd2 Bxd2+ 6.Nxd2 Nf4 7.Qg4 Ng6 8.Bd3
Nc6 9.Ngf3 b6 10.h4 Bb7 11.h5 Nge7 12.Qxg7 Rg8 13.Qxh7 Nb4 14.Bb1 c6 15.
Ne4 d5 16.Nf6+ Kf8 17.Qh6+ Rg7 18.Ng5 Ng8 19.Nfh7+ Ke7 20.Qxg7 Qe8 21.a3 
Na6 22.Bg6 dxc4 23.Bxf7 Qd8 24.Bxg8+ 1-0

[Event "Blaye-Castel/Moissac"]
[Site "?"]
[Date "2003.03.12"]
[Round "4"]
[White "Riviere, Fabien"]
[Black "Santoul, Pascal"]
[Result "0-1"]
[WhiteElo "1099"]
[BlackElo "1370"]
[EventDate "2003.??.??"]
[PlyCount "76"]

1.e4 e5 2.Nf3 d6 3.Nc3 Bg4 4.Bb5+ c6 5.Be2 Be7 6.d3 Nf6 7.O-O O-O 8.Ng5 
Bxe2 9.Qxe2 Nbd7 10.a3 d5 11.Rd1 d4 12.Na4 b5 13.Bd2 bxa4 14.c4 Nc5 15.Bb4
Nb3 16.Rab1 Bxb4 17.axb4 Rb8 18.Qc2 Rxb4 19.Qc3 dxc3 20.bxc3 Rb8 21.Nf3 a3
22.Nxe5 Qe8 23.Nxc6 Qxc6 24.e5 Nh5 25.Re1 Nf4 26.Re4 Nxd3 27.Re3 Nf4 28.f3
a2 29.Rbe1 a1=Q 30.Rxa1 Nxa1 31.g3 Rb1+ 32.Kf2 Qc5 33.gxf4 Rb2+ 34.Kg3 
Qxe3 35.Kg4 Rg2+ 36.Kf5 g6+ 37.Kf6 Qb6+ 38.e6 Qxe6# 0-1

[Event "R5-A-CATE / Castel M"]
[Site "?"]
[Date "2003.03.16"]
[Round "6.2"]
[White "Bouyt, Bernard"]
[Black "Cebollero, Daniel"]
[Result "1-0"]
[WhiteElo "1740"]
[BlackElo "1660"]
[EventDate "2003.05.18"]
[PlyCount "61"]
[SourceDate "2003.05.18"]

1.e4 c5 2.f4 Nc6 3.Nf3 e6 4.Bb5 Nd4 5.Nxd4 cxd4 6.O-O Qb6 7.Bc4 Qc5 8.d3 
Nf6 9.Bb3 Be7 10.Nd2 b5 11.Nf3 Bb7 12.Qe1 O-O 13.Qf2 Ng4 14.Qxd4 Qxd4+ 15.
Nxd4 Bc5 16.c3 e5 17.fxe5 Nxe5 18.Rd1 b4 19.Kf1 Ba6 20.Bc2 Bxd4 21.cxd4 
Ng6 22.Be3 f5 23.e5 f4 24.Bf2 f3 25.Bg3 Rac8 26.Rac1 Rc7 27.Bb3+ Bc4 28.
Rxc4 Rxc4 29.dxc4 a5 30.Rd3 Ne7 31.Bd1 1-0

[Event "Castel-Moissac/Ste Foy"]
[Site "?"]
[Date "2003.03.16"]
[Round "6"]
[White "Dirat, Sylvain"]
[Black "Ajdari, Emmanuel"]
[Result "1-0"]
[WhiteElo "1760"]
[BlackElo "1510"]
[EventDate "2003.??.??"]
[PlyCount "89"]

1.d4 d5 2.Bg5 Nf6 3.Nf3 Bf5 4.e3 e6 5.Bd3 Bxd3 6.Qxd3 Be7 7.Qb5+ Nc6 8.
Qxb7 Nb4 9.Qb5+ c6 10.Qe2 Qa5 11.O-O O-O 12.a3 Na6 13.Nbd2 Nc7 14.Ne5 Qb6 
15.Bxf6 Bxf6 16.Nd7 Qb7 17.Nxf8 Rxf8 18.Rab1 Rb8 19.Nb3 Na6 20.Qd3 Qc8 21.
Nd2 Nc7 22.c4 e5 23.c5 exd4 24.exd4 Qg4 25.Nf3 Ne6 26.h3 Qf4 27.Rfd1 g5 
28.g3 Qc7 29.b4 h5 30.Qf5 Kg7 31.Rb2 a6 32.Qd3 Qc8 33.Ne5 Nf8 34.Kg2 Ng6 
35.Nxg6 fxg6 36.Re1 Ra8 37.Rbe2 Kf7 38.Re8 Qxe8 39.Rxe8 Rxe8 40.Qxa6 Re6 
41.Qb7+ Ke8 42.Qc8+ Kf7 43.Qd7+ Be7 44.a4 Kf8 45.Qxe6 1-0

[Event "R6R6 Tournefeuille 3 / Loures Barousse"]
[Site "?"]
[Date "2003.03.16"]
[Round "6.2"]
[White "Ribou, Jacques"]
[Black "Marni-Sandi, Tarik"]
[Result "1-0"]
[WhiteElo "1780"]
[BlackElo "1730"]
[EventDate "2003.??.??"]
[PlyCount "87"]

1.e4 Nf6 2.Nc3 d6 3.d4 g6 4.Nf3 Bg7 5.Bc4 O-O 6.Bb3 Nc6 7.h3 Na5 8.Be3 
Nxb3 9.axb3 c6 10.O-O d5 11.exd5 Nxd5 12.Nxd5 cxd5 13.Re1 a6 14.Qd2 Bf5 
15.Nh4 Qd7 16.Nxf5 Qxf5 17.c4 Rac8 18.c5 Rfe8 19.Rad1 e5 20.dxe5 Rxe5 21.
Bd4 Rxe1+ 22.Rxe1 Bxd4 23.Qxd4 Rd8 24.Re7 Qc8 25.Qf6 Rf8 26.Qb6 Qf5 27.
Qxb7 d4 28.c6 Qb1+ 29.Kh2 d3 30.Rd7 Qxb2 31.Rxd3 Qxf2 32.Rf3 Qe2 33.c7 
Qe5+ 34.Kg1 Qe1+ 35.Rf1 Qe3+ 36.Kh1 Qe8 37.Rd1 Kg7 38.Qd5 Qe6 39.Qxe6 fxe6
40.Rd8 Rf1+ 41.Kh2 Rc1 42.c8=Q Rxc8 43.Rxc8 Kf6 44.Ra8 1-0

[Event "R6R6 Muret 3 / Ramonville 2"]
[Site "?"]
[Date "2003.03.16"]
[Round "6.3"]
[White "Barraud, Claudine"]
[Black "Bouet, Arnaud"]
[Result "1-0"]
[WhiteElo "1240"]
[BlackElo "1009"]
[EventDate "2003.??.??"]
[PlyCount "83"]

1.e4 e6 2.d4 d5 3.e5 c5 4.c3 Nc6 5.Nf3 Qb6 6.Be2 Be7 7.Bg5 Qxb2 8.Nbd2 
cxd4 9.cxd4 Nxd4 10.Qa4+ Nc6 11.Bxe7 Nxe7 12.O-O O-O 13.Rab1 Qc3 14.Rfc1 
b5 15.Bxb5 Qa5 16.Bxc6 Nxc6 17.Qxc6 Ba6 18.a4 Rac8 19.Qd7 Rcd8 20.Qxa7 
Qxa4 21.Ra1 Ra8 22.Qxa8 Rxa8 23.Rxa4 h6 24.Rc6 Bb7 25.Rxa8+ Bxa8 26.Rc8+ 
Kh7 27.Rxa8 g5 28.Nd4 Kg6 29.g4 h5 30.h3 h4 31.Nc6 f6 32.Ne7+ Kf7 33.Ra7 
fxe5 34.Nxd5+ Kg6 35.Ne7+ Kf7 36.Ne4 Kg7 37.Nxg5 Kf6 38.Ne4+ Kf7 39.Nf5+ 
Kg6 40.Nxh4+ Kh6 41.g5+ Kh5 42.Rh7# 1-0

[Event "R6R6 Muret 4 / Albi 3"]
[Site "?"]
[Date "2003.03.16"]
[Round "6.1"]
[White "Abadie, Albert"]
[Black "Claude, Michel"]
[Result "1-0"]
[WhiteElo "1420"]
[BlackElo "1450"]
[EventDate "2003.??.??"]
[PlyCount "83"]

1.e4 c5 2.Nf3 Nc6 3.Bc4 e6 4.d3 d5 5.Bb5 Bd7 6.Bxc6 Bxc6 7.Ne5 Ne7 8.Qf3 
f6 9.Nxc6 Nxc6 10.c3 Ne5 11.Qe2 Rc8 12.Bf4 Ng6 13.Bg3 Be7 14.O-O O-O 15.
Nd2 Qd7 16.Rac1 e5 17.f4 f5 18.exd5 Qxd5 19.Nc4 exf4 20.Bxf4 Rce8 21.Qf3 
Qxf3 22.Rxf3 b5 23.Nd6 Nxf4 24.Rxf4 Bxd6 25.Rf3 a5 26.Kf2 c4 27.d4 Bxh2 
28.g3 Re4 29.Kg2 Re2+ 30.Rf2 Rfe8 31.Rf1 Bxg3 32.Kxg3 R8e3+ 33.Kg2 g6 34.
Rd1 h5 35.d5 h4 36.Rxe2 Rxe2+ 37.Kf1 Rxb2 38.d6 h3 39.d7 h2 40.d8=Q+ Kh7 
41.Rd7+ Kh6 42.Qh4# 1-0

[Event "R6R6  Luchon 2 /Villeneuve-tolosane 2"]
[Site "?"]
[Date "2003.03.16"]
[Round "6.1"]
[White "BRETON, Yves"]
[Black "HERNANDEZ, Jeremy"]
[Result "1-0"]
[WhiteElo "1990"]
[BlackElo "1280"]
[PlyCount "77"]

1.b3 d5 2.Bb2 Nc6 3.e3 Nf6 4.f4 b6 5.Nf3 e6 6.Bb5 Bb7 7.Ne5 Qd6 8.Ba3 Qd8 
9.Nxc6 Qd7 10.Nd4 c6 11.Bd3 Bxa3 12.Nxa3 O-O 13.O-O Qe7 14.Nb1 c5 15.Nf3 
d4 16.exd4 cxd4 17.Ne5 Qc5 18.a4 Qd5 19.Qe2 Rac8 20.Na3 a6 21.Nac4 b5 22.
Nb6 Qc5 23.Nxc8 Rxc8 24.axb5 axb5 25.Ra5 Rb8 26.Rxb5 Qc7 27.f5 exf5 28.
Rxf5 Re8 29.b4 Bc8 30.Qf3 Bxf5 31.Qxf5 Re6 32.Rc5 Qb7 33.Bc4 Qe7 34.Rc8+ 
Ne8 35.Bxe6 fxe6 36.Qf3 h6 37.Qa8 Kh7 38.Rxe8 Qg5 39.Rh8# 1-0

[Event "R6R6 Muret 3 / Ramonville 2"]
[Site "?"]
[Date "2003.03.16"]
[Round "6.4"]
[White "Bedos, Ophelie"]
[Black "Jammot, Timothee"]
[Result "1-0"]
[WhiteElo "1009"]
[BlackElo "1009"]
[EventDate "2003.??.??"]
[PlyCount "45"]

1.c4 e5 2.Nf3 Nc6 3.d4 exd4 4.Nxd4 Nxd4 5.Qxd4 c5 6.Qe4+ Be7 7.Nc3 Nf6 8.
Qd3 d6 9.e3 O-O 10.Be2 Bg4 11.Bxg4 Nxg4 12.O-O Bg5 13.g3 Re8 14.h4 Bf6 15.
Ne4 Qe7 16.Nxf6+ Qxf6 17.Bd2 Rad8 18.Ba5 b6 19.Bc3 Qf3 20.b3 d5 21.Bb2 
dxc4 22.Qc3 Rd7 23.Qxg7# 1-0

[Event "R6R6 Muret 3 / Ramonville 2"]
[Site "?"]
[Date "2003.03.16"]
[Round "6.1"]
[White "Pillot, Patrice"]
[Black "Bouet, Jean-Yves"]
[Result "1-0"]
[WhiteElo "1549"]
[BlackElo "1499"]
[EventDate "2003.??.??"]
[PlyCount "65"]

1.e4 e6 2.d4 d5 3.e5 c5 4.c3 Nc6 5.Nf3 Qb6 6.b3 Nge7 7.Be3 Nf5 8.Qd3 Be7 
9.Be2 O-O 10.O-O cxd4 11.Bxd4 Ncxd4 12.Nxd4 Nxd4 13.cxd4 Bd7 14.Nd2 Rac8 
15.a3 Rc7 16.b4 Ba4 17.Nb3 Rfc8 18.Nc5 Bxc5 19.dxc5 Qc6 20.Rfe1 b6 21.Qd4 
bxc5 22.bxc5 Qb7 23.Rab1 Qa8 24.Rb4 Bc2 25.Rb5 a6 26.Ra5 Qa7 27.Rc1 Be4 
28.Rxa6 Qb7 29.Rb6 Qa7 30.Ba6 Rxc5 31.Rxc5 Rb8 32.Rxb8+ Qxb8 33.Rc8+ 1-0

[Event "Castel-Moissac/Ste Foy"]
[Site "?"]
[Date "2003.03.16"]
[Round "6"]
[White "LACROIX, Romain"]
[Black "PETERKA, Alojz"]
[Result "1-0"]
[WhiteElo "1840"]
[BlackElo "1640"]
[EventDate "2003.??.??"]
[PlyCount "99"]

1.e4 e5 2.Nf3 Nc6 3.Bc4 Nf6 4.d3 Be7 5.Nc3 O-O 6.O-O d6 7.d4 Bg4 8.dxe5 
Nxe5 9.Be2 c6 10.Nd4 Bxe2 11.Qxe2 Nfd7 12.Nf5 Nc5 13.Be3 Qc7 14.f4 Ng6 15.
Rad1 Rfd8 16.Nxe7+ Qxe7 17.Bxc5 dxc5 18.g3 Rd4 19.Rd3 Rad8 20.Rfd1 a6 21.
Qe3 Rxd3 22.Rxd3 Rxd3 23.Qxd3 b5 24.e5 Qa7 25.Kf2 Nf8 26.Ne4 h6 27.Qe3 Ne6
28.b4 a5 29.Nxc5 Nxc5 30.Qxc5 Qxc5+ 31.bxc5 Kf8 32.Ke3 Ke7 33.Ke4 h5 34.h3
Ke6 35.f5+ Ke7 36.g4 hxg4 37.hxg4 Kd7 38.Kf4 Ke7 39.Kg5 Kf8 40.e6 b4 41.
Kf4 Ke7 42.exf7 Kxf7 43.Ke5 Ke7 44.g5 a4 45.Kd4 Kf7 46.Kc4 b3 47.cxb3 axb3
48.Kxb3 Ke7 49.a4 g6 50.fxg6 1-0

[Event "Castel-Moissac/Ste Foy"]
[Site "?"]
[Date "2003.03.16"]
[Round "6"]
[White "BOULOGNE, Laurent"]
[Black "RIVIERE, Frederic"]
[Result "1/2-1/2"]
[WhiteElo "1620"]
[BlackElo "1740"]
[PlyCount "208"]

1.c4 e5 2.g3 Bc5 3.Bg2 Nf6 4.Nc3 d6 5.e3 Nc6 6.h3 Be6 7.d3 d5 8.b3 Bb4 9.
Bd2 dxc4 10.dxc4 Qd7 11.Qc2 O-O-O 12.Rd1 Bf5 13.e4 Nd4 14.Qb1 Qc6 15.Nd5 
Bxd2+ 16.Rxd2 Bg6 17.Ne7+ Kb8 18.Nxc6+ Nxc6 19.Ne2 Rxd2 20.Kxd2 Rd8+ 21.
Ke3 Nb4 22.Rd1 Re8 23.Nc3 c6 24.Rd6 Re7 25.Qd1 Kc7 26.Rd2 Nd7 27.a3 Na6 
28.b4 Nf8 29.Qa4 Ne6 30.b5 Nec5 31.Qd1 Nb8 32.bxc6 bxc6 33.f4 f6 34.fxe5 
Rxe5 35.g4 Nbd7 36.Rf2 Nb6 37.Qe2 Bf7 38.Bf1 Nxc4+ 39.Kf3 h5 40.Qxc4 hxg4+
41.hxg4 Bxc4 42.Bxc4 Nd7 43.Ke3 Rc5 44.Kd4 Rg5 45.Be2 Ne5 46.Rg2 Kd6 47.
Ke3 Nd7 48.Rg1 Nf8 49.Rd1+ Kc7 50.Na4 Ra5 51.Rd4 Ne6 52.Rc4 g5 53.Bd1 Kd6 
54.Rc3 Rb5 55.Rb3 Ra5 56.Rd3+ Kc7 57.Bb3 Nf4 58.Rc3 Rb5 59.Nc5 Kd6 60.Nd3 
Ng6 61.Nb4 Ne5 62.Ba4 Rb6 63.Nd3 Nxg4+ 64.Kd4 a5 65.Bd1 Nh6 66.e5+ fxe5+ 
67.Nxe5 Nf5+ 68.Ke4 Ne7 69.Rd3+ Nd5 70.Nf7+ Kc5 71.Nxg5 Rb1 72.Nf3 Rxd1 
73.Rd2 Rxd2 74.Nxd2 a4 75.Kd3 Kb5 76.Kd4 Nb6 77.Ne4 Nc4 78.Nc3+ Kb6 79.
Kxc4 c5 80.Nxa4+ Ka6 81.Kxc5 Ka5 82.Nc3 Ka6 83.Kb4 Kb6 84.a4 Ka6 85.Kc5 
Ka5 86.Kc6 Ka6 87.Nd5 Ka5 88.Nb6 Ka6 89.Nc4 Ka7 90.a5 Ka6 91.Kc7 Ka7 92.
Nd6 Ka8 93.Nb7 Ka7 94.Nc5 Ka8 95.Kb6 Kb8 96.Ka6 Ka8 97.Na4 Kb8 98.Nb6 Kc7 
99.Ka7 Kc6 100.a6 Kc7 101.Nd5+ Kc8 102.Ne7+ Kc7 103.Ka8 Kb6 104.a7 Kc7 
1/2-1/2

[Event "Blaye/Montauban"]
[Site "?"]
[Date "2003.03.16"]
[Round "6"]
[White "Gayraud, Christian"]
[Black "Kienlen, Gerard"]
[Result "1/2-1/2"]
[WhiteElo "1530"]
[BlackElo "1480"]
[EventDate "2003.??.??"]
[PlyCount "96"]

1.e4 d6 2.d4 Nf6 3.Nc3 g6 4.Nf3 Bg7 5.Bd3 O-O 6.O-O Nbd7 7.Re1 e5 8.dxe5 
dxe5 9.Be3 c6 10.Bc4 b5 11.Bb3 h6 12.Qe2 Nh7 13.Rad1 Qe7 14.Rd2 a5 15.a3 
Kh8 16.Red1 Rb8 17.Rd6 b4 18.Na4 bxa3 19.bxa3 Ng5 20.Nxg5 hxg5 21.Rxc6 Bb7
22.Rc7 Qxa3 23.Rcxd7 Rfc8 24.Bxg5 Bc6 25.Be7 Rb4 26.Bxb4 Qxb4 27.Rd8+ Rxd8
28.Rxd8+ Kh7 29.Nb2 a4 30.Nd3 Qe7 31.Bd5 Qxd8 32.Bxc6 a3 33.Bd5 Qa5 34.Ba2
f6 35.Qd1 Qc3 36.Qb1 Bf8 37.Qb3 Qa1+ 38.Qb1 Qc3 39.h4 Bh6 40.Qb3 Qc8 41.
Nc5 Qd8 42.Nd7 Bg7 43.Qe6 Kh6 44.g4 Qa5 45.g5+ Kh5 46.Kf1 Qd2 47.gxf6 Qc1+
48.Kg2 Qd1 1/2-1/2

[Event "Colomiers/Montech"]
[Site "?"]
[Date "2003.03.16"]
[Round "6"]
[White "VUAILLAT, Jack"]
[Black "ALLADAYE, Rene"]
[Result "1/2-1/2"]
[WhiteElo "1700"]
[BlackElo "1750"]
[PlyCount "124"]

1.Nf3 Nf6 2.g3 g6 3.d4 Bg7 4.Bg2 d6 5.O-O O-O 6.c3 Nbd7 7.Na3 c6 8.Re1 e5 
9.dxe5 Nxe5 10.Qc2 Bf5 11.Qb3 Qe7 12.Bg5 h6 13.Bxf6 Bxf6 14.Nd4 Be6 15.Qc2
d5 16.Kh1 Bg7 17.e3 Nd7 18.e4 Qd6 19.exd5 Bxd5 20.Bxd5 Qxd5+ 21.Qe4 Nf6 
22.Qxd5 Nxd5 23.Nc4 Bxd4 24.cxd4 Rad8 25.Ne3 Nb4 26.d5 Nxd5 27.Nxd5 Rxd5 
28.Re7 Rd2 29.Rxb7 Re8 30.Kg1 Ree2 31.Rf1 Rxb2 32.Rxa7 Rxa2 33.Rc7 Rac2 
34.Kg2 Kf8 35.Kf3 Re7 36.Rc8+ Kg7 37.h4 h5 38.Rd1 Rc3+ 39.Kg2 Re2 40.Rd4 
Rcc2 41.Rf4 Re6 42.Kf3 Rf6 43.Rg8+ Kxg8 44.Rxf6 Kf8 45.Ke3 Ke7 46.Rf4 Ra2 
47.Kd3 Ra7 48.Kc3 Rc7 49.Kc4 Kd6 50.Rf6+ Ke5 51.Rf4 c5 52.f3 f5 53.Kc3 Kd5
54.Ra4 c4 55.Ra5+ Rc5 56.Ra8 Rc6 57.Rd8+ Rd6 58.Rxd6+ Kxd6 59.Kxc4 Ke5 60.
Kd3 f4 61.g4 hxg4 62.fxg4 f3 1/2-1/2

[Event "R6-Nord - 2002/03"]
[Site "?"]
[Date "2003.03.16"]
[Round "1.2"]
[White "MARAIS, Francois"]
[Black "PERROUX, Jacques"]
[Result "0-1"]
[WhiteElo "1499"]
[BlackElo "1640"]
[Annotator "J. PERROUX"]
[PlyCount "46"]

1.d4 d5 2.c4 c6 {Defense Slave} 3.Nc3 Nf6 4.Nf3 Bg4 $6 {Hors Theorie ...} 
    ( {On joue plutot} 4...e6 )
    ( 4...dxc4 {est egalement joue} )
5.e3 
    ( 5.Ne5 {etait la meilleure reponse} )
5...e6 6.cxd5 exd5 7.Be2 Bxf3 {Pour eviter le voir le Cavalier en e5} 8.
Bxf3 Bd6 9.O-O O-O 10.e4 $2 {Coute un pion} 10...dxe4 11.Nxe4 Nxe4 12.Bxe4
Bxh2+ $1 13.Kxh2 Qh4+ 14.Kg1 Qxe4 15.Re1 Qd5 16.Re5 
    ( 16.Re7 $5 {mettait un peu le trouble chez les Noirs...} )
16...Qd8 17.d5 f6 {Affaiblit la position blanche Noire, mais menace de 
prendre le pion d5} 18.Rh5 g6 {La suite 'logique' de l'affaiblissement 
pour d5...} 19.Qg4 $2 
    ( 19.Qb3 $1 {creait plusieurs menaces interessantes. Si} 19...gxh5 $2 
        ( 19...b6 20.dxc6+ Kh8 21.Rd5 )
    20.dxc6+ Kh8 21.cxb7 Nd7 22.bxa8=Q Qxa8 )
19...f5 $1 20.Qg3 Qxd5 21.Bf4 Nd7 {Pour tenir e5 et lier les Tours} 22.
Rxh7 $6 {Erreur de calcul, mais coup de poker !} 22...Kxh7 23.Qh4+ Kg8 {
Les Blancs abandonnent, voyant que l'attaque avorte} 
    ( 23...Kg7 $4 {N'entraine pas le Mat, mais les Blancs ont un reel 
    contre-jeu. Par exemple:} 24.Qh6+ Kf7 25.Qh7+ Kf6 26.Re1 Qf7 27.Qh6 
    Ne5 28.Bxe5+ Ke7 29.Bg7+ Kd7 30.Qd2+ Kc7 31.Qf4+ Kd7 32.Qd4+ Kc8 33.
    Bxf8 Qxf8 )
0-1

[Event "R6-Nord - 2002/03"]
[Site "?"]
[Date "2003.03.16"]
[Round "1.3"]
[White "EYMOND, Jean"]
[Black "DAMIANO, Herve"]
[Result "0-1"]
[WhiteElo "1440"]
[BlackElo "1520"]
[Annotator "J. PERROUX"]
[PlyCount "122"]

1.d4 Nf6 2.Nf3 g6 3.c4 Bg7 {Est-indienne} 4.e3 O-O 5.Be2 d6 6.O-O Nbd7 7.
Nc3 c5 8.d5 Ng4 9.Rb1 h6 10.h3 Nge5 11.b3 $4 {Gaffe qui laisse le Cc3 sans
protection...} 11...Nxf3+ $1 {Evidemment !} 12.Bxf3 Bxc3 13.e4 Bg7 14.a4 
Ne5 15.Be2 f5 16.f4 Nf7 17.Bd3 Nh8 18.Qc2 Qe8 19.Rf3 Qf7 20.Bb2 Bxb2 21.
Rxb2 Qf6 22.Qe2 fxe4 23.Bxe4 Bd7 24.Rb1 Bf5 25.Bxf5 Qxf5 26.Rbf1 Rae8 27.
g4 {La seule issue pour les Blancs est de prendre des riques pour ouvrir 
la position} 27...Qd7 28.f5 Rf6 29.Qe3 g5 30.h4 $1 Nf7 31.hxg5 Nxg5 32.
R3f2 a6 33.Rh2 b5 34.Rxh6 $5 {Coup de poker ? Coup de bluff ? Incorrect a 
l'analyse, mais avec une piece de moins, pourquoi de priver de compliquer 
la situation !?} 34...Nh7 $2 
    ( {Il n'y avait rien a craindre de} 34...Rxh6 35.Qxg5+ Kh7 36.Re1 e5 
    $1 37.fxe6 Qg7 38.Qxg7+ Kxg7 {et les 2 pions passes des Blancs seront 
    probablement insuffisant contre la Tour noire} )
35.Rg6+ $2 {Erreur qui coupe l'attaque} 
    ( 35.Rf2 $3 {et les Noirs doivent etre tres precis pour eviter la 
    catastrophe... Par exemple :} 35...Rf7 $4 
        ( 35...bxc4 $4 36.Rxh7 Kxh7 37.Rh2+ Kg8 38.Qg5+ Kf8 39.Rh8+ Kf7 
        40.Rh7+ Kf8 41.Qg7# {Mat} )
        ( 35...Nf8 36.Qg5+ Kf7 37.Rh8 Rb8 38.Qh5+ Kg7 39.Rh2 {et Mat force
        en 6, ou} 39...bxa4 40.Qh7+ Nxh7 41.R2xh7# {Mat} )
    36.Rg6+ Rg7 37.Qh6 Rxg6 38.Qxg6+ Kh8 39.Rh2 e6 40.dxe6 Qe7 41.Rxh7+ 
    Qxh7 42.Qxe8+ Kg7 43.Qe7+ Kh8 44.Qxh7+ Kxh7 $18 {et les Blancs gagnent
    } )
35...Rxg6 36.fxg6 Qxg4+ 37.Kh2 Qh5+ 38.Qh3 $2 {En echangeant les Dames, 
les Blancs se privent de leur derniere chance d'attaque.} 38...Qxh3+ 39.
Kxh3 {La suite n'est plus qu'un long calvaire dans une position perdue} 
39...Nf6 40.Kh4 Kg7 41.Kg5 b4 42.Kf5 Ng8 43.Kg5 Rf8 44.Rh1 {Tentant un 
ultime piege} 44...Nf6 
    ( 44...a5 $4 45.Rh7# {Mat. Il faut toujours se mefier !} )
45.Re1 Re8 46.Re6 Nd7 47.Re3 Ne5 48.Rh3 Nxg6 49.Rh6 Ne5 50.Rh3 Rh8 51.Rxh8
$2 Kxh8 52.Kf5 Kg8 53.Ke6 Kf8 54.Kf5 Nd3 55.Ke6 Ke8 56.Kf5 Nc1 57.Ke4 Nxb3
58.Kd3 Kf7 59.Kc2 Na5 60.Kb2 Nxc4+ 61.Kb3 Na5+ 0-1